Gesture and the dynamic dimension of language (Record no. 140017)
[ view plain ]
| 000 -LEADER | |
|---|---|
| fixed length control field | 01407nam a2200361Ia 4500 |
| 082 04 - DEWEY DECIMAL CLASSIFICATION NUMBER | |
| Classification number | 808.5 |
| 245 00 - TITLE STATEMENT | |
| Title | Gesture and the dynamic dimension of language |
| 260 ## - PUBLICATION, DISTRIBUTION, ETC. (IMPRINT) | |
| Place of publication | Philadelphia : |
| Name of publisher | J. Benjamins Pub. Co., |
| Year of publication | c2007. |
| 300 ## - PHYSICAL DESCRIPTION | |
| Number of Pages | vi, 328 p. |
| 490 1# - SERIES STATEMENT | |
| Series statement | Gesture studies ; |
| 650 #0 - SUBJECT ADDED ENTRY--TOPICAL TERM | |
| Topical Term | Gesture. |
| Topical Term | Body language. |
| 700 1# - ADDED ENTRY--PERSONAL NAME | |
| Personal name | McNeill, David. |
| Personal name | Duncan, Susan D. |
| Personal name | Cassell, Justine, |
| Personal name | Levy, Elena Terry, |
| 856 40 - ELECTRONIC LOCATION AND ACCESS | |
| Uniform Resource Identifier | http://site.ebrary.com/lib/rucke/Doc?id=10176623 |
No items available.
